000 00325nam a2200121Ia 4500
008 190216s9999||||xx |||||||||||||| ||und||
100 _a"Satya Prakash, Tuli Gd, Basu Sk"
245 0 _aAdvanced Inorganic Chemistry
260 _bShyamlal Charitable Trust
_c1976
300 _a898p
650 _aInorganic Chemistry
942 _cBK
999 _c2520
_d2520